=LDR 00000nam 2200000 4500 =001 INLIS000000000015038 =005 20130612110323 =008 ***********************************Ind** =035 ##$$0010-061300000015038 =041 ##$$a Ind =082 ##$$a 621.312 =090 ##$$a 621.312, Mic b =100 ##$$a Michael, Rudolf =245 ##$$a Bikin sendiri Pengisi Baterai dan Accumulator, Rudollf Mickael =260 ##$$a 1995 $b Solo =300 ##$$a 80 Hlm, Ilus, 21 Cm =650 ##$$a Aki =850 ##$$a NBPNMAT